Normal view
MARC view
- Workman, Michael L
Entry Personal Name
001 - CONTROL NUMBER
- control field: 106323
003 - CONTROL NUMBER IDENTIFIER
- control field: NUST
005 - DATE AND TIME OF LATEST TRANSACTION
- control field: 20221229112031.0
008 - FIXED-LENGTH DATA ELEMENTS
- fixed length control field: 221229|| aca||aabn | a|a d
040 ## - CATALOGING SOURCE
- Original cataloging agency: NUST
- Transcribing agency: NUST
100 ## - HEADING--PERSONAL NAME
- Personal name: Workman, Michael L
670 ## - SOURCE DATA FOUND
- Source citation: Work cat.: (NUST)183596: Franklin, Gene F. 91744, Digital control of dynamic systems /, c1990.
